000 01320cam a2200337 i 4500
001 46267
003 Mx-PuUPA
005 20240410104027.0
008 140415s2000 mx af r 000 0 spa d
020 _a9701027817
040 _erda
_aMx-PuUPA
_bspa
_cMx-PuUPA
_dMx-PuUPA
041 1 _aspa
_heng
100 1 _aDanforth, David N.,
_d1942-
_eautor
240 1 0 _aDanforths obstetrics and gynecology.
_lEspañol
245 1 0 _aDanforth, tratado de obstetricia y ginecología /
_cDavid N. Danforth ; editado por James R. Scott [y otros tres] ; traductores, Marta Elena Araiza [y otros dos].
246 3 0 _aTratado de obstetricia y ginecología
250 _aSéptima edición
264 1 _aMéxico, D.F. :
_bMcGraw-Hill Interamericana Editores,
_c©2000
300 _axviii, 1024 páginas, L-8 páginas de láminas :
_bilustraciones (algunas color) ;
_c28 cm.
336 _atexto
_2rdacontent
_btxt
337 _asin medio
_2rdamedia
_bn
338 _avolumen
_2rdacarrier
_bnc
650 4 _aGinecología
_xObstetricia
700 1 _aScott, James R.,
_eeditor
700 1 _aAraiza, Marta Elena,
_etraductor
765 0 8 _aDanforth, David N., (David Newton), 1942-
_tDanforths obstetrics and gynecology
942 _2ddc
_cLI
_h618
_iD167
999 _c46267
_d46267